[Event "RUS-chT2"]
[Site "Sochi"]
[Date "2019.05.07"]
[Round "6.2"]
[White "Alieva, Alexandra"]
[Black "Tolstykh, Dmitri"]
[Result "1-0"]
[WhiteElo "2122"]
[BlackElo "1550"]
[PlyCount "51"]
[EventDate "2019.05.01"]
[EventType "team-swiss"]
[EventRounds "9"]
[EventCountry "RUS"]
[SourceTitle "CBM 190 Extra"]
[Source "ChessBase"]
[SourceDate "2019.07.15"]
[SourceVersion "1"]
[SourceVersionDate "2019.07.15"]
[SourceQuality "1"]
[WhiteTeam "Volga Samara Region"]
[BlackTeam "Samara Ladya"]
[WhiteTeamCountry "RUS"]
[BlackTeamCountry "RUS"]

1. e4 c5 2. b3 d6 3. f4 e5 4. Nf3 Bg4 5. Bb2 exf4 6. Bb5+ Nd7 7. 0-0 a6 8. Bxd7+ Qxd7 9. d4 Nf6 10. Nbd2 Be7 11. Qe1 0-0 12. dxc5 dxc5 13. Ne5 Qc7 14. Rxf4 Bd6 15. Ndc4 Rfe8 16. Rxf6 gxf6 17. Nxg4 Be5 18. Ncxe5 fxe5 19. Nf6+ Kg7 20. Nxe8+ Rxe8 21. Qg3+ Kh8 22. Rf1 Qd6 23. Rxf7 Qd1+ 24. Rf1 Qd6 25. h3 h6 26. Rf7 1-0

[Event "Samara Polugaevsky Memorial 7th"]
[Site "Samara"]
[Date "2017.07.09"]
[Round "2"]
[White "Makhno, Maria"]
[Black "Tolstykh, Dmitri"]
[Result "1-0"]
[WhiteElo "2007"]
[BlackElo "1607"]
[PlyCount "63"]
[EventDate "2017.07.08"]
[EventType "swiss"]
[EventRounds "9"]
[EventCountry "RUS"]
[SourceTitle "EXT 2018"]
[Source "ChessBase"]
[SourceDate "2017.10.13"]
[SourceVersion "1"]
[SourceVersionDate "2017.10.13"]
[SourceQuality "1"]

1. d4 d5 2. c4 e6 3. Nc3 c6 4. cxd5 exd5 5. Qc2 Bd6 6. Nf3 Nf6 7. Bg5 h6 8. Bxf6 Qxf6 9. Nxd5 cxd5 10. Qxc8+ Qd8 11. Qxb7 Nd7 12. Qxd5 Bb4+ 13. Nd2 0-0 14. e3 Qc7 15. Bd3 Rac8 16. Ke2 Nb6 17. Qe4 g6 18. Rac1 Qd7 19. Nc4 Nxc4 20. Bxc4 Rfe8 21. Qxg6+ Kf8 22. Qxh6+ Kg8 23. Qg5+ Kf8 24. Rhd1 Be7 25. Qd5 Qg4+ 26. Qf3 Qg6 27. Qg3 Qb6 28. Kf1 a5 29. b3 Bb4 30. Qh3 Qf6 31. Qf3 Qg6 32. h4 1-0